000 00717 a2200241 4500
003 OSt
005 20260330114402.0
008 260330b |||||||| |||| 00| 0 eng d
020 _a978166696504
037 _cTB
040 _aCRL
_cCRL
041 _2eng
_aeng
084 _aR3xL88:g(Q4) R4
_qCRL
100 _aLanone, Laura
_91116074
245 _aSchopenhauer's buddhism: a historical inquiry
260 _aLanham, London:
_bLexington Books,
_c2024.
300 _a197p.
365 _a85.00
_bGBP
650 _aPhilosophy
650 _aPhilosopher (Schopenhauer)
_91232032
942 _cTEXL
_2CC
_hR3xL88:g(Q4) R4
999 _c1679847
_d1679847